Noem de 16 duitse deelstaten en vervolgens de 16 hoofdsteden - Statistieken

Algemene statistieken
  • Deze quiz is 101 keer genomen
  • De gemiddelde score is 20 van 32
Antwoordstatistieken
Hint Antwoord % Correct
6 Hamburg
89%
6 Hamburg
89%
5 Bremen
86%
5 Bremen
86%
2 München
83%
2 Bayern
80%
3 Berlin
77%
3 Berlin
77%
10 Düsseldorf
71%
10 Nordrhein-Westfalen
71%
12 Saarland
71%
13 Sachsen
69%
4 Brandenburg
63%
7 Hessen
63%
14 Sachsen-Anhalt
63%
16 Thüringen
63%
1 Baden-Württemberg
60%
9 Hannover
57%
11 Rheinland-Pfalz
57%
12 Saarbrücken
57%
1 Stuttgart
57%
13 Dresden
54%
9 Niedersachsen
54%
15 Kiel
51%
8 Mecklenburg-Vorpommern
51%
4 Potsdam
49%
11 Mainz
40%
15 Schleswig-Holstein
40%
16 Erfurt
37%
7 Wiesbaden
34%
8 Schwerin
31%
14 Magdeburg
29%
Geen overeenkomende quizzen gevonden
Scoreverdeling
Procent van Mensen met Elke Score
Percentiel versus Aantal Correcte Antwoorden
Uw Scoregeschiedenis
U heeft deze quiz nog niet genomen